Top 3 Torschützen der Bundesliga jedes Jahr - Statistiken

Allgemein
  • Dieses Quiz wurde 1.279 mal gespielt
  • Das Durchschnittsergebnis liegt bei 38 aus 103
Antwortstatistiken
Torschützen % Korrekt
Robert Lewandowski
98%
Gerd Müller
96%
Thomas Müller
95%
Christian Müller
94%
Dieter Müller
94%
Niclas Füllkrug
79%
Pierre-Emerick Aubameyang
79%
Mario Gómez
76%
Miroslav Klose
71%
Christopher Nkunku
70%
Erling Haaland
69%
Marco Reus
68%
Alexander Meier
66%
Arjen Robben
64%
Edin Dzeko
64%
Grafite
63%
Karl-Heinz Rummenigge
61%
Uwe Seeler
59%
Aílton
58%
Giovane Élber
58%
Stefan Kießling
58%
Klaas-Jan Huntelaar
55%
Timo Werner
55%
Luca Toni
54%
Dieter Hoeneß
52%
Jürgen Klinsmann
51%
Rudi Völler
51%
Michael Ballack
47%
Lothar Matthäus
46%
Mario Mandžukić
46%
Jupp Heynckes
44%
Claudio Pizarro
41%
Ebbe Sand
41%
Klaus Fischer
41%
Paco Alcácer
41%
Roy Makaay
41%
Patrik Schick
40%
Theofanis Gekas
40%
Lucas Barrios
39%
Ulf Kirsten
39%
Fredi Bobic
38%
Martin Max
37%
André Silva
36%
Klaus Allofs
36%
Thomas Allofs
36%
Marik Mintál
35%
Mario Basler
35%
Horst Hrubesch
34%
Jadon Sancho
34%
Márcio Amoroso
34%
Fritz Walter
33%
Uwe Rahn
32%
Sergej Barbarez
29%
Stefan Kuntz
29%
Kevin Kuranyi
28%
Lothar Emmerich
28%
Randal Kolo Muani
28%
Andreas Möller
27%
Manfred Burgsmüller
27%
Stéphane Chapuisat
27%
Thomas Christiansen
27%
Anthony Modeste
26%
Karl-Heinz Riedle
26%
Michael Preetz
26%
Anthony Yeboah
25%
Dimitar Berbatov
25%
Roland Wohlfarth
24%
Heiko Herrlich
23%
Nils Petersen
23%
Oliver Neuville
23%
Timo Konietzka
22%
Bernd Hölzenbein
20%
Olaf Marschall
20%
Toni Polster
20%
Alex Frei
19%
Hannes Löhr
19%
Frank Mill
18%
Jörn Andersen
18%
Karl Allgöwer
18%
Rudolf Brunnenmeier
18%
Uwe Bein
18%
Lothar Kobluhn
17%
Papiss Cissé
17%
Klaus Toppmöller
16%
Wynton Rufer
16%
Mark Uth
15%
Milivoje Novakovic
15%
Frank Neubarth
14%
Halil Altıntop
14%
Herbert Laumen
14%
Karl-Heinz Vogt
14%
Jan Furtok
13%
Rüdiger Abramczik
13%
Arnold Schütz
12%
Erich Beer
12%
Franz Brungs
12%
Josip Drmic
12%
Siegfried Reich
11%
Atli Edvaldsson
10%
Günter Pröpper
10%
Hans Walitza
10%
Josip Skoblar
9%
Keine übereinstimmenden Quizze gefunden
Verteilung der Resultate
Anzahl Personen mit jedem Resultat
Perzentil nach korrekt beantworteten Fragen
Ihre Resultats-Entwicklung
Sie haben dieses Quiz noch nicht gespielt